Score 0/25 Timer 03:00
3 Plays Today
Hint 3-Letter Word % Correct
Road vehicleCAR
96.1%
Pen lidCAP
95%
A small insect that lives in a colonyANT
94.7%
MarryWED
94.4%
Help, assistAID
92.3%
Common connectiveAND
92.1%
Scottish for littleWEE
92%
TearRIP
92%
Amazement, wonderAWE
90.8%
★Music subcategory★★RAP★
89.9%
A large violent crowdMOB
87.9%
A bundle of banknotesWAD
87.8%
Present tense plural of beARE
87.8%
Hint 3-Letter Word % Correct
★History subcategory★★WAR★
85.9%
★History subcategory★★ART★
84.3%
Make free ofRID
83.1%
★Sports subcategory★★WWE★
81.3%
A thick sauce or dressingDIP
80.4%
Daughter-in-lawDIL
79.3%
A thin straight barROD
77.9%
Trendy or chicMOD
77.6%
International shipping companyDHL
69.7%
★Sports subcategory★★NHL★
68.7%
★Sports subcategory★★NFL★
68%
★Sports subcategory★★MLB★
65.4%

Today's Daily Dose

Quick Pick
2004 Events

Get the Picture
Thor Movies

You're not logged in!

Compare scores with friends on all Sporcle quizzes.
OR
Log In

Sporcle TV

Today on Sporcle TV


Watch our educational content, quiz creation guides, and fun videos on Sporcle TV.

Show Comments

Extras

Top Quizzes Today


Score Distribution

Paid Content

Your Account Isn't Verified!

In order to create a playlist on Sporcle, you need to verify the email address you used during registration. Go to your Sporcle Settings to finish the process.

Report this User

Report this user for behavior that violates our Community Guidelines.

Details: